Robert K. Merton : consensus and controversy
Αποθηκεύτηκε σε:
| Άλλοι συγγραφείς: | , , |
|---|---|
| Μορφή: | Βιβλίο |
| Γλώσσα: | English |
| Δημοσίευση: |
London :
Falmer Press,
1990
|
| Σειρά: | Falmer sociology series
|
| Θέματα: | |
| Ετικέτες: |
Προσθήκη ετικέτας
Δεν υπάρχουν, Καταχωρήστε ετικέτα πρώτοι!
|
MARC
| LEADER | 00000nam a2200000 i 4500 | ||
|---|---|---|---|
| 001 | 1/75013 | ||
| 008 | 971023s1990 eng d | ||
| 020 | |a 1-85000-982-1 | ||
| 035 | |a 1993 |b 1 |c Βιτσιλάκη |l 10032004 | ||
| 040 | |a GR-MY-UA |b gre |e aacr | ||
| 041 | 0 | |a eng | |
| 082 | 0 | |a 301.092 | |
| 245 | 1 | 0 | |a Robert K. Merton : |b consensus and controversy / |c edited by Jon Clark, Celia Modgil, Sohan Modgil |
| 260 | |a London : |b Falmer Press, |c 1990 | ||
| 300 | |a 527 p. | ||
| 490 | 1 | |a Falmer sociology series | |
| 600 | 1 | 0 | |a Merton, Robert King |d 1910-2003. |
| 650 | 0 | 0 | |a Social structure. |
| 650 | 0 | 0 | |a Functionalism (Social sciences) |
| 650 | 0 | 0 | |a Science |x Social aspects. |
| 650 | 0 | 0 | |a Anomy. |
| 700 | 1 | |a Clark, Jon |c Ph. D. |4 edt | |
| 700 | 1 | |a Modgil, Celia. |4 edt | |
| 700 | 1 | |a Modgil, Sohan. |4 edt | |
| 830 | 0 | |a Falmer sociology series | |
| 852 | |a INST |b RHODES |e 19971023 |h 301.092 ROB |p 005400009177 |q 005400009177 |t BK |y 0 | ||
| 909 | |a Ρ |b 026477 |c 1993 | ||